<?xml version="1.0" encoding="UTF-8"?>
<record
    xmlns:xsi="http://www.w3.org/2001/XMLSchema-instance"
    xsi:schemaLocation="http://www.loc.gov/MARC21/slim http://www.loc.gov/standards/marcxml/schema/MARC21slim.xsd"
    xmlns="http://www.loc.gov/MARC21/slim">

  <leader>00492nam a2200145 a 4500</leader>
  <controlfield tag="008">960123s1990||||[C               0  cze c</controlfield>
  <datafield tag="020" ind1=" " ind2=" ">
    <subfield code="a">8085236141</subfield>
    <subfield code="c">10</subfield>
  </datafield>
  <datafield tag="040" ind1=" " ind2=" ">
    <subfield code="a">SNK</subfield>
    <subfield code="b">slo</subfield>
    <subfield code="c">SNK</subfield>
    <subfield code="e">AACR2</subfield>
  </datafield>
  <datafield tag="041" ind1="1" ind2=" ">
    <subfield code="a">cze</subfield>
  </datafield>
  <datafield tag="044" ind1=" " ind2=" ">
    <subfield code="a">CZ</subfield>
  </datafield>
  <datafield tag="100" ind1="1" ind2=" ">
    <subfield code="a">Bruker, M.O.</subfield>
    <subfield code="4">aut</subfield>
  </datafield>
  <datafield tag="245" ind1="1" ind2="0">
    <subfield code="a">Mus&#xED;me trp&#x11B;t alergiemi?/s recepty Ilsy Gutjahr/.P&#x159;&#xED;&#x10D;iny a l&#xE9;&#x10D;en&#xED; neurodermitidy,vyr&#xE1;&#x17E;ek,ekz&#xE9;mu,senn&#xE9; r&#xFD;my a astma</subfield>
    <subfield code="c">M.O. Bruker</subfield>
  </datafield>
  <datafield tag="260" ind1=" " ind2=" ">
    <subfield code="a">Ostrava</subfield>
    <subfield code="b">Osv&#x11B;tov&#xE1; agentura Salvo P.O.Box 321</subfield>
    <subfield code="c">1990</subfield>
  </datafield>
  <datafield tag="958" ind1=" " ind2=" ">
    <subfield code="a">A</subfield>
  </datafield>
  <datafield tag="999" ind1=" " ind2=" ">
    <subfield code="c">19695</subfield>
    <subfield code="d">19695</subfield>
  </datafield>
  <datafield tag="952" ind1=" " ind2=" ">
    <subfield code="0">0</subfield>
    <subfield code="1">0</subfield>
    <subfield code="2">udc</subfield>
    <subfield code="4">0</subfield>
    <subfield code="7">0</subfield>
    <subfield code="8">K</subfield>
    <subfield code="a">10000</subfield>
    <subfield code="b">10000</subfield>
    <subfield code="d">2019-11-29</subfield>
    <subfield code="g">10.00</subfield>
    <subfield code="i">18211</subfield>
    <subfield code="l">1</subfield>
    <subfield code="o">I1514</subfield>
    <subfield code="p">I1514</subfield>
    <subfield code="r">2020-10-08</subfield>
    <subfield code="s">2020-07-17</subfield>
    <subfield code="w">2019-11-29</subfield>
    <subfield code="y">OLDO</subfield>
  </datafield>
</record>
